| 000 | 00460nam#a2200193#c#4500 | ||
|---|---|---|---|
| 003 | IEF | ||
| 005 | 20180219151406.0 | ||
| 008 | 950601s1979 uuu####fr####| 0||u| |u | ||
| 040 | _aIEF | ||
| 100 | 1 |
_aHayashi, Taizo _920796 |
|
| 245 |
_aGuide to Japanese taxes _b 1978 _c79 |
||
| 260 |
_aTokyo _b Zaikei Shohosha _c1979 |
||
| 300 |
_av. _c 22 cm |
||
| 650 | 4 |
_aIMPUESTOS _947460 |
|
| 650 | 4 |
_aJAPON _947522 |
|
| 942 | _cLIB | ||
| 942 | _z60116 | ||
| 999 |
_c15338 _d15338 |
||